000 00471nam a2200181Ia 4500
001 17548
005 20260306171525.0
008 260306s9999||||xx |||||||||||||| ||und||
041 _aESP
082 _a658.022
_bH46
100 _aHerrero Palomo, Julián
_eAUT
245 0 _aAdministración, gestión y comercialización en la pequeña empresa
260 _c2002
300 _a199 páginas :
_c30 cm.
650 _aGEN
654 _aCAN
942 _cLIB
_dJUS
_fJUS
_2ddc
_n
999 _c17548
_d17548